000 00466nam a22001457a 4500
999 _c65629
_d65629
005 20200926122342.0
020 _a8176251089
_c475.00
035 _aB-31336, B-31338
037 _aDPL
_bENG
100 _aPadhy, Kishore C.
245 _aThe challenges of tribal development :
_bEssays in honour of Dr. N. Patnaik /
_cby Kishore C. Padhy
260 _aNew Delhi
_bSarup and Sons
_c2000
300 _av, 243p.
_c18 cms.
942 _2ddc
_cEN
_h307.772
_mPAD